Characters from Tommy Wiseau's The Room by Picture - Statistics

General Stats
  • This quiz has been taken 73 times
  • The average score is 7 of 11
Answer Stats
Picture Answer % Correct
Mark
96%
Lisa
94%
Johnny
90%
Denny
82%
Doggy
79%
Chris-R
66%
Peter
64%
Claudette
55%
Michelle
48%
Mike
42%
Steven
28%
No matching quizzes found
Score Distribution
Percent of People with Each Score
Percentile by Number Answered
Your Score History
You have not taken this quiz